000 00507nam a2200193Ia 4500
005 20250326142048.0
008 250326s9999 xx 000 0 und d
037 _aTextbook
040 _aFMSL
_beng
_cFMSL
041 _aeng
_2eng
084 _aX:321:(SNI) M6
_qFMSL
100 _aEngel James F
245 0 _aConsumer behaviour
_cEngel James F
250 _a5th
260 _aDryden
_bDryden, Prss
_c1986
300 _a650p
942 _cTB
_hX:321:(SNI) M6
999 _c1293262
_d1293262